| 000 | 01832cam a22004694i 4500 | ||
|---|---|---|---|
| 003 | PE-LiUPU | ||
| 005 | 20250731172952.0 | ||
| 008 | 150623s1990 xxk rb 000 0 eng d | ||
| 020 | _a091898663X | ||
| 035 | _a(Sirsi) i9780918986634 | ||
| 040 |
_aPE-LiUPU _bspa _cPE-LiUPU _erda |
||
| 049 | _aPRUA | ||
| 082 | 0 | 4 |
_a296.81 _bW73 _221 |
| 100 | 1 |
_aWise, Michael Owen, _eautor. |
|
| 245 | 1 | 0 |
_aA critical study of the temple scroll from Qumran cave 11 / _cMichael Owen Wise. |
| 264 | 1 |
_aChicago, Illinois : _bThe Oriental Institute of the University of Chicago, _c1990. |
|
| 300 |
_a292 páginas ; _c28 centímetros. |
||
| 336 |
_atext _2rdacontent |
||
| 337 |
_aunmediated _2rdamedia |
||
| 338 |
_avolume _2rdacarrier |
||
| 490 | 0 |
_aStudies in Ancient Oriental Civilization ; _v49 |
|
| 504 | _aIncluye bibliografía. | ||
| 505 | 0 | _aThe temple scroll: previous work and the present study -- The Deuteronomy source -- The temple source -- The Midrash to Deuteronomy source -- The festival calendar and the laws -- The redactor and a date for temple scroll -- Summary and conclusions -- Appendix. | |
| 526 | _aSEG42 | ||
| 526 | _aSEG41 | ||
| 526 | _aSEG40 | ||
| 526 | _aSEG39 | ||
| 526 | _aP94 | ||
| 526 | _aP87 | ||
| 526 | _aP86 | ||
| 526 | _aP85 | ||
| 526 | _aP77 | ||
| 526 | _aP76 | ||
| 526 | _aP35 | ||
| 650 | 0 | 4 | _aManuscritos del templo (Qumram). |
| 942 |
_2ddc _cBOOK |
||
| 949 |
_a296.81 W73 _wDEWEY _c1 _i45057 _lCCODEBUL1 _mBUL _r0 _sY _tBOOK _u2015-6-24 _xTEOLOGIA _PP35 _0COMPRA _o.STAFF. Colección Teología |
||
| 994 |
_aC0 _bPEPRU |
||
| 596 | _a1 | ||
| 999 |
_a296.81 W73 _wDEWEY _c21940 _i45057 _f2021-11-11 _g5 _lCCODEBUL1 _mBUL _p25.00 _r0 _sY _tBOOK _u2015-6-24 _xTEOLOGIA _PP35 _0COMPRA _o.STAFF. Colección Teología _d21940 |
||
| 980 |
_81 _gALBERTO SANCHEZ Responsable de Automatización |
||